| 000 | 01240naa a22003137a 4500 | ||
|---|---|---|---|
| 001 | BR8707684 | ||
| 003 | BR-BrBNA | ||
| 005 | 20240918175901.0 | ||
| 007 | ta | ||
| 008 | 230509b bl.||||| |||| 00| 0 por d | ||
| 040 |
_aBR-BrBNA _bpor _cBiblioteca Nacional de Agricultura |
||
| 041 | _a(Pt) | ||
| 072 |
_aF06; F60; P33 _b1410 |
||
| 090 | _aF06 BR8707684 | ||
| 100 | 1 | _aBorella, J.E. | |
| 100 | 1 | _aCruciani, D.E. | |
| 111 | 1 |
_a7. Congresso Nacional de Irrigacao e Drenagem _cBrasilia, DF (Brazil) _d21 Sep 1986 |
|
| 245 | 1 | _aEfeito da irrigacao com agua salina na producao de feijao (Phaseolus vulgaris, L.) | |
| 246 | 1 | _a[Effect of the irrigation with salt water in kidney beans' production] | |
| 246 | 1 | _a[Annals of the 7th National Congress on Irrigation and Drainage] | |
| 260 | 3 |
_aBrasilia, DF (Brasil): _c1986. |
|
| 500 | _aAnais do 7. Congresso Brasileiro de Irrigacao e Drenagem Brasilia, DF (Brasil): 1986. v. 1 p. 101-120 (BR8707684-AM)F06 | ||
| 650 | _aFEIJAO | ||
| 650 | _aIRRIGACAO | ||
| 650 | _aAGUA SALGADA | ||
| 773 | 0 |
_tAnais do 7. Congresso Brasileiro de Irrigacao e Drenagem _wF06 BR8707684 _gBrasilia, DF (Brasil), 1986. v. 1 p. 101-120 |
|
| 909 |
_a202404 _bLucia _c55 _dLucia Elande |
||
| 942 |
_cAM _2AGRIS |
||
| 999 |
_c318589 _d318589 |
||